Riziko auditu a proces jeho riadenia s vplyvom na audítorské postupy a názor audítora diplomová práca

Saved in:
Bibliographic Details
Main Author: Matulová, Nina
Corporate Author: Fakulta hospodárskej informatiky EU. Katedra účtovníctva a audítorstva
Other Authors: Krišková, Petra, 1981-
Format: Book
Language:Slovak
Published: Bratislava 2018
Tags: Add Tag
No Tags, Be the first to tag this record!

MARC

LEADER 00000nbm a2200000 4500
001 0243499
005 20181108092033.7
041 0 |a slo 
044 |a SK 
245 1 0 |a Riziko auditu a proces jeho riadenia s vplyvom na audítorské postupy a názor audítora  |b diplomová práca  |c Nina Matulová ; školiteľ: Petra Krišková 
264 1 |a Bratislava  |c 2018 
300 |a 72 s. 
100 1 |a Matulová, Nina 
700 1 |a Krišková, Petra, 1981- 
710 2 |a Fakulta hospodárskej informatiky EU. Katedra účtovníctva a audítorstva